| 000 | 00805nam a22002297a 4500 | ||
|---|---|---|---|
| 001 | 76337 | ||
| 003 | BD-RjUL | ||
| 005 | 20211209082828.0 | ||
| 008 | 191125s2018 bg ||||| |||| 00| 0 ben d | ||
| 020 | _a9847012006771 | ||
| 035 | _a(BD-RjUL)76558 | ||
| 040 |
_aBD-RjUL _beng _cBD-RjUL |
||
| 041 | _aeng | ||
| 082 |
_223 _a891.44092 _bSHJ 2018 |
||
| 100 |
_aশর্মা, দ্বিজেন _9235500 |
||
| 245 |
_aজীবনস্মৃতি : _bমধুময় পৃথিবীর ধূলি / _cদ্বিজেন শর্মা |
||
| 260 |
_aঢাকা : _bকথাপ্রকাশ, _c২০১৮ |
||
| 300 |
_a২০৭ পৃ. ; _c২২ সেমি. |
||
| 600 |
_aSharma, Dwijen _d1929- 2017 _9235503 |
||
| 650 |
_aAuthor, Bengali _vBiography _9235502 |
||
| 942 |
_2ddc _cBK |
||
| 999 |
_c76337 _d76337 |
||